000 00488pab a2200169 454500
008 180718b2004 xxu||||| |||| 00| 0 eng d
100 _aAi-Qarioti, Mohammad Q.
245 _aOrganizational commitment of managers in Jordan: a field study
260 _c2004
300 _ap.331-52.
650 _aOrganizations - Jordan
650 _aManagers - Jordan
650 _aManagers
700 _aAi-Enezi, Awadh
773 _aInternational Journal of Public Administration
909 _a61383
999 _c61383
_d61383